<?xml version="1.0" encoding="UTF-8"?>
<record
    xmlns:xsi="http://www.w3.org/2001/XMLSchema-instance"
    xsi:schemaLocation="http://www.loc.gov/MARC21/slim http://www.loc.gov/standards/marcxml/schema/MARC21slim.xsd"
    xmlns="http://www.loc.gov/MARC21/slim">

  <leader>03867nab a2200409uuc4500</leader>
  <controlfield tag="001">1140739</controlfield>
  <controlfield tag="003">OSt</controlfield>
  <controlfield tag="005">20240227085638.0</controlfield>
  <controlfield tag="008">090505s2008                        spa  </controlfield>
  <datafield tag="035" ind1=" " ind2=" ">
    <subfield code="a">1140739</subfield>
  </datafield>
  <datafield tag="035" ind1=" " ind2=" ">
    <subfield code="a">(OCoLC)820467721</subfield>
  </datafield>
  <datafield tag="040" ind1=" " ind2=" ">
    <subfield code="c">comduadb</subfield>
  </datafield>
  <datafield tag="041" ind1=" " ind2=" ">
    <subfield code="a">spa</subfield>
  </datafield>
  <datafield tag="100" ind1="1" ind2="0">
    <subfield code="a">Kerscher, Rudolf</subfield>
    <subfield code="4">aut</subfield>
    <subfield code="e">aut</subfield>
    <subfield code="9">470779</subfield>
  </datafield>
  <datafield tag="245" ind1="1" ind2="0">
    <subfield code="a">Historia y ciencias sociales: Am&#xE9;rica Latina</subfield>
  </datafield>
  <datafield tag="260" ind1=" " ind2=" ">
    <subfield code="c">2008.</subfield>
  </datafield>
  <datafield tag="505" ind1="0" ind2=" ">
    <subfield code="a">Rese&#xF1;a de los libros : Katrin Dircksen/Heinz Schl&#xFC;ter/Annika Witte (eds.): El Atl&#xE1;ntico - mar de Encuentros/Der Atlantik - Meer der Begegnungen. Berlin: LIT Verlag 2006. 350 p&#xE1;ginas. -- Ingrid Wehr (ed.) Un continente en movimiento. Migraciones en Am&#xE9;rica Latina. Madrid/Frankfurt/M.: Iberoamericana/Verbuert 2006. 450 p&#xE1;ginas. -- Sarah Albiez/Philipp Kaupert/Sophie M&#xFC;ller (eds.): China und Lateinamerika. ein Transpazifischer Br&#xFC;ckenschlag. Berlin: WVB 2007. 400 p&#xE1;ginas. -- J&#xF6;rg Husar: Chinas Engagement in Lateinamerika. Rohstoffbedarf, Versorgungssicherheit und Investitionen. Saarbr&#xFC;cken: Verlag f&#xFC;r Entwicklungspolitik. 167 p&#xE1;ginas. -- &#xC1;lvaro Cruz Garc&#xED;a: Vida y costumbres de los pueblos del Caribe y la Amazonia. Madrid: Edimat 2007. 190 p&#xE1;ginas. -- Carolin Kollewe: Von Scham zu Stolz. Erinnerungen, Objekte und ihre Repr&#xE4;sentation in einem mexikanischen Gemeindemuseum. Berlin: LIT Verlag 2007. 482 p&#xE1;ginas. -- Jochen Fuchs: Nicaragua. Demokratischer Anspruch und gesellschaftliche Realit&#xE4;t. Geschichte des Landes im Lichte der Auseinandersetzung um Verfassungsrecht und Wahlentscheidung von der Unabh&#xE4;ngigkeit bis zur liberalen &#xC4;ra. Frankfurt/M., etc.: Lang 2004. 297 p&#xE1;ginas. -- Comisi&#xF3;n para el Esclarecimiento Hist&#xF3;rico: Guatemala. Memoria del silencio. Conclusiones y recomendaciones. Pr&#xF3;logo de Edelberto Torres-Rivas. Guatemala: F&amp;G Editores 2004. 128 p&#xE1;ginas. -- Michael Zeuske: Kleine Geschichte Venezuelas. M&#xFC;nchen: Beck 2007. 207 p&#xE1;ginas. -- Christoph Twickel: Hugo Ch&#xE1;vez. Eine Biografie. Hamburg: Edition Nautilius 2006. 350 p&#xE1;ginas. -- Peter Waldmann: Guerra civil, terrorismo y anomia social. El caso colombiano en un contexto globalizado. Bogot&#xE1;: Grupo Editorial Norma 2007. 320 p&#xE1;ginas. -- David T. Garrett: Shadows of Empire. The Indian Nobility of Cusco, 1750-1825. Cambridge: Cambridge University Press 2005. 300 p&#xE1;ginas. -- Maruch&#xED; Poma: Evo Morales: Die Biografie. Leipzig: Militzke Verlag 2007. 222 p&#xE1;ginas. --Fernando Codoceo: Demokratische Transition in Chile. Kontinuit&#xE4;t oder Neubeginn? Berlin: Wissenschaftlicher Verlag Berlin 2007. 420 p&#xE1;ginas. -- Jens R. Hentschke (ed.): Vargas and Brazil. New Perspectives. Houndmills: Palgrave Macmillan 2006. 306 p&#xE1;ginas. </subfield>
  </datafield>
  <datafield tag="650" ind1=" " ind2="7">
    <subfield code="a">Rese&#xF1;as bibliogr&#xE1;ficas</subfield>
    <subfield code="2">embne</subfield>
    <subfield code="9">31513</subfield>
  </datafield>
  <datafield tag="650" ind1=" " ind2=" ">
    <subfield code="a">Ciencias sociales - Am&#xE9;rica Latina</subfield>
    <subfield code="9">47856</subfield>
  </datafield>
  <datafield tag="650" ind1=" " ind2=" ">
    <subfield code="a">Am&#xE9;rica Latina - Situaci&#xF3;n social</subfield>
    <subfield code="9">182071</subfield>
  </datafield>
  <datafield tag="650" ind1=" " ind2=" ">
    <subfield code="a">Am&#xE9;rica Latina - Aspectos socioculturales</subfield>
    <subfield code="9">143548</subfield>
  </datafield>
  <datafield tag="651" ind1=" " ind2="7">
    <subfield code="a">Am&#xE9;rica Latina</subfield>
    <subfield code="x">Historia</subfield>
    <subfield code="2">lemb</subfield>
    <subfield code="9">854421</subfield>
  </datafield>
  <datafield tag="700" ind1="1" ind2="0">
    <subfield code="a">Bindernagel, Franka</subfield>
    <subfield code="4">aut</subfield>
    <subfield code="e">aut</subfield>
    <subfield code="9">560765</subfield>
  </datafield>
  <datafield tag="700" ind1="1" ind2="0">
    <subfield code="a">Plotz, Jochen,</subfield>
    <subfield code="d">1961-</subfield>
    <subfield code="4">aut</subfield>
    <subfield code="0">(isni)0000 0004 0977 3747</subfield>
    <subfield code="0">(viaf)304102349</subfield>
    <subfield code="e">aut</subfield>
    <subfield code="9">331912</subfield>
  </datafield>
  <datafield tag="700" ind1="1" ind2="0">
    <subfield code="a">Cieslik, Thomas</subfield>
    <subfield code="4">aut</subfield>
    <subfield code="e">aut</subfield>
    <subfield code="9">434403</subfield>
  </datafield>
  <datafield tag="700" ind1="1" ind2="0">
    <subfield code="a">Thiemer Sachse, Ursula</subfield>
    <subfield code="4">aut</subfield>
    <subfield code="e">aut</subfield>
    <subfield code="9">516391</subfield>
  </datafield>
  <datafield tag="700" ind1="1" ind2="0">
    <subfield code="a">Fleer, Peter</subfield>
    <subfield code="4">aut</subfield>
    <subfield code="e">aut</subfield>
    <subfield code="9">526376</subfield>
  </datafield>
  <datafield tag="700" ind1="1" ind2="0">
    <subfield code="a">Scheuzger, Stephan</subfield>
    <subfield code="4">aut</subfield>
    <subfield code="e">aut</subfield>
    <subfield code="9">577434</subfield>
  </datafield>
  <datafield tag="700" ind1="1" ind2="0">
    <subfield code="a">Werz, Nikolaus,</subfield>
    <subfield code="d">1952-</subfield>
    <subfield code="4">aut</subfield>
    <subfield code="0">(isni)0000 0001 1035 5890</subfield>
    <subfield code="0">(viaf)2726400</subfield>
    <subfield code="e">aut</subfield>
    <subfield code="9">271641</subfield>
  </datafield>
  <datafield tag="700" ind1="1" ind2="0">
    <subfield code="a">Fischer, Thomas</subfield>
    <subfield code="4">aut</subfield>
    <subfield code="e">aut</subfield>
    <subfield code="9">511047</subfield>
  </datafield>
  <datafield tag="700" ind1="1" ind2="0">
    <subfield code="a">Huhle, Rainer</subfield>
    <subfield code="4">aut</subfield>
    <subfield code="e">aut</subfield>
    <subfield code="9">393522</subfield>
  </datafield>
  <datafield tag="700" ind1="1" ind2="0">
    <subfield code="a">J&#xFC;rgen Prien, Hans</subfield>
    <subfield code="4">aut</subfield>
    <subfield code="e">aut</subfield>
    <subfield code="9">470781</subfield>
  </datafield>
  <datafield tag="700" ind1="1" ind2="0">
    <subfield code="a">Rothe, Sebastian</subfield>
    <subfield code="4">aut</subfield>
    <subfield code="e">aut</subfield>
    <subfield code="9">577435</subfield>
  </datafield>
  <datafield tag="700" ind1="1" ind2="0">
    <subfield code="a">Brinkmann, Soren</subfield>
    <subfield code="4">aut</subfield>
    <subfield code="e">aut</subfield>
    <subfield code="9">406711</subfield>
  </datafield>
  <datafield tag="773" ind1="0" ind2=" ">
    <subfield code="t">Iberoamericana : Am&#xE9;rica Latina, Espa&#xF1;a, Portugal (Frankfurt)</subfield>
    <subfield code="g">Volumen 08, N&#xFA;mero 32, Diciembre de 2008, p. 285-307</subfield>
    <subfield code="w">767614</subfield>
    <subfield code="x">1577-3388</subfield>
    <subfield code="0">254387</subfield>
  </datafield>
  <datafield tag="942" ind1=" " ind2=" ">
    <subfield code="c">ARIMP</subfield>
    <subfield code="2">ddc</subfield>
  </datafield>
  <datafield tag="999" ind1=" " ind2=" ">
    <subfield code="c">504744</subfield>
    <subfield code="d">504744</subfield>
  </datafield>
</record>
